000 00740nam a2200289Ia 4500
005 20260324121656.0
008 008 260324s9999 xx 000 0 eng d
020 _a9781315584300
037 _aEBOOK
040 _aCRL
040 _beng
040 _cCRL
041 _2eng
041 _aeng
084 _qCRL
100 _aSilke Schicktanz; Barbara Prainsack; Gabriele Werner-Felmayer
_91163429
245 0 _aGenetics as Social Practice
245 0 _bTransdisciplinary Views on Science and Culture
260 _bTaylor and Francis
260 _c2014
365 _a
365 _b240
856 _uhttp://www.taylorfrancis.com/books/9781315584300
942 _cEBOOK
999 _c1755691
_d1755691